DNA : (Record no. 40599)

MARC details
000 -LEADER
fixed length control field 01930nam a2200265 a 4500
001 - CONTROL NUMBER
control field vtls003026431
003 - CONTROL NUMBER IDENTIFIER
control field MY-SjTCS
005 - DATE AND TIME OF LATEST TRANSACTION
control field 20200306163246.0
008 - FIXED-LENGTH DATA ELEMENTS--GENERAL INFORMATION
fixed length control field 110218s2005 njua b 001 0 eng
020 ## - INTERNATIONAL STANDARD BOOK NUMBER
International Standard Book Number 0471414786 (hbk.)
039 #9 - LEVEL OF BIBLIOGRAPHIC CONTROL AND CODING DETAIL [OBSOLETE]
Level of rules in bibliographic description 201102181357
Level of effort used to assign nonsubject heading access points VLOAD
Level of effort used to assign subject headings 200605151440
Level of effort used to assign classification susan
Level of effort used to assign subject headings 200603071250
Level of effort used to assign classification radtha
Level of effort used to assign subject headings 200603071243
Level of effort used to assign classification radtha
-- 200603071123
-- radtha
082 04 - DEWEY DECIMAL CLASSIFICATION NUMBER
Classification number 345.73067
Item number KOB
100 1# - MAIN ENTRY--PERSONAL NAME
Personal name Kobilinsky, Lawrence F.
9 (RLIN) 21097
245 10 - TITLE STATEMENT
Title DNA :
Remainder of title forensic and legal applications /
Statement of responsibility, etc. Lawrence Kobilinsky, Thomas F. Liotti, Jamel Oeser-Sweat.
260 ## - PUBLICATION, DISTRIBUTION, ETC.
Place of publication, distribution, etc. Hoboken, N.J. :
Name of publisher, distributor, etc. Wiley-Interscience,
Date of publication, distribution, etc. c2005.
300 ## - PHYSICAL DESCRIPTION
Extent xvii, 364 p. :
Other physical details ill. (some col.) ;
Dimensions 25 cm.
504 ## - BIBLIOGRAPHY, ETC. NOTE
Bibliography, etc. note Includes bibliographical references (p. 293-294) and index.
505 0# - FORMATTED CONTENTS NOTE
Formatted contents note Foreword. - Preface. - Acknowledgments. - 1. Biochemistry, Genetics, and Replication of DNA. - 2. Biological Evidence - Science and Criminal Investigation. -3. Forensic DNA Analysis Methods. - 4. Genetics, Statistics, and Databases. - 5. Litigaying a DNA Case. - 6. DNA Evidence at Trial. - 7. Exonerating the Innocent through DNA. - Appendix A : Bibliography: Selected ny Topic Area. - Appendix B : Cases Involving the Admissibility of DNA Evidence. - Appendix C : Information Pertinent to Attempts to Overturn Convictions Based Upon DNA Evidence. - Appendix D : Offenses in New York State Resulting in Mandatory DNA Testing for Database Inclusion. - Appendix E : Postconviction DNA Testing, Preservation of Evidence and Compensation for Wrongful Conviction: Relevent Legislative Information. - Appendix F : Items Obtained through Discovery. - Appendix G : Glossary. - Index.
650 #0 - SUBJECT ADDED ENTRY--TOPICAL TERM
Topical term or geographic name entry element DNA fingerprinting
Geographic subdivision United States.
9 (RLIN) 230216
650 #0 - SUBJECT ADDED ENTRY--TOPICAL TERM
Topical term or geographic name entry element Evidence, Expert
Geographic subdivision United States.
9 (RLIN) 21098
650 #0 - SUBJECT ADDED ENTRY--TOPICAL TERM
Topical term or geographic name entry element Forensic genetics
Geographic subdivision United States.
9 (RLIN) 230217
700 1# - ADDED ENTRY--PERSONAL NAME
Personal name Liotti, Thomas F.
Relator term (j.a.)
9 (RLIN) 230218
700 1# - ADDED ENTRY--PERSONAL NAME
Personal name Oeser-Sweat, Jamel.
Relator term (j.a.)
9 (RLIN) 230219
920 ## - Programme
Programme BMS : 260445
Holdings
Withdrawn status Lost status Source of classification or shelving scheme Damaged status Not for loan Home library Current library Date acquired Total Checkouts Barcode Date last seen Date last checked out Copy number Uniform Resource Identifier Koha item type Public note
    Dewey Decimal Classification     Taylor's Library-TU Taylor's Library-TU 27/07/2018 18 5000169370 05/12/2019 23/02/2012 1 Floor 3, Shelf 8 , Side 2, TierNo 1, BayNo 3 Main Collection SBSxx,36100,03,GR